Rosales (Record no. 179063)

MARC details
000 -LEADER
campo de control de longitud fija 01042nam a2200265 4500
001 - NÚMERO DE CONTROL
campo de control 179063
003 - IDENTIFICADOR DE NÚMERO DE CONTROL
campo de control ES-MaACL
005 - FECHA Y HORA DE LA ÚLTIMA TRANSACCIÓN
campo de control 20240129115658.0
008 - DATOS DE LONGITUD FIJA--INFORMACIÓN GENERAL
campo de control de longitud fija 110825s2011 sp achp |||| |dspa d
020 ## - NÚMERO INTERNACIONAL ESTÁNDAR DEL LIBRO
Número Internacional Estándar del Libro 978-84-613-6714-6
080 ## - NÚMERO DE LA CLASIFICACIÓN DECIMAL UNIVERSAL
Número de la Clasificación Decimal Universal 75 Rosales, Eduardo. Testamento de Isabel la Católica
100 1# - ENTRADA PRINCIPAL--NOMBRE DE PERSONA
Nombre de persona Rubio Gil, Luis.
9 (RLIN) 100414
245 10 - MENCIÓN DEL TÍTULO
Título Rosales
Resto del título : El testamento de Isabel la Católica /
Mención de responsabilidad, etc. Luis Rubio Gil.
246 38 - FORMA VARIANTE DEL TITULO
Título propio/Titulo breve Eduardo Rosales
Resto del título : El testamento de Isabel la Católica
260 ## - PUBLICACIÓN, DISTRIBUCIÓN, ETC.
Lugar de publicación, distribución, etc. [Madrid] :
Nombre del editor, distribuidor, etc. Molina,
Fecha de publicación, distribución, etc. [2011] (
Fabricante Boyano Impresión Digital)
300 ## - DESCRIPCIÓN FÍSICA
Extensión 154 p. :
Otras características físicas il. col. y n. ;
Dimensiones 27 cm.
500 ## - NOTA GENERAL
Nota general Documentos: p. 87-132.
504 ## - NOTA DE BIBLIOGRAFÍA, ETC.
Nota de bibliografía, etc. Bibliografía: p. 147-153.
600 14 - PUNTO DE ACCESO ADICIONAL DE MATERIA--NOMBRE DE PERSONA
Nombre de persona Rosales, Eduardo,
Fechas asociadas al nombre 1836-1873
9 (RLIN) 99638
700 1# - ENTRADA AGREGADA--NOMBRE PERSONAL
Nombre de persona Rosales, Eduardo,
Fechas asociadas al nombre 1836-1873
9 (RLIN) 99638
852 ## - LOCALIZACIÓN
Ubicación ES-MaACL
itemnumber 185932
Número de control de estantería A-11453
Sublocalización o colección R.146716
Signatura antigua Olim: N-4457
Encuadernación Donación: Luis Rubio Gil
Ubicación en estantería Depósito 1
903 ## - NOMBRE PERSONAL DE DONANTE
9 100414
a Rubio Gil, Luis
e Donante
942 ## - ELEMENTOS DE ENTRADA SECUNDARIOS (KOHA)
Fuente del sistema de clasificación o colocación Clasificación decimal universal
Tipo de ítem Koha Libro impreso
Holdings
Estatus retirado Estado de pérdida Fuente del sistema de clasificación o colocación Estado de daño No para préstamo Biblioteca de origen Biblioteca actual Ubicación en estantería Fecha de adquisición Fuente de adquisición Total de préstamos Signatura topográfica completa Código de barras Visto por última vez Precio de reemplazo Tipo de ítem Koha
    Clasificación decimal universal     Biblioteca del Ateneo de Madrid Biblioteca del Ateneo de Madrid Depósito 1 25/08/2011 Donación   A-11453 1188096 23/02/2023 23/02/2023 Libro impreso